02655nam a22003377a 4500003000400000020002200004082001600026100001900042245004000061250000900101260002800110300000800138650003000146942001200176952013800188952014100326952014100467952014100608952014100749952014100890952014101031952014101172952014101313952014101454952014101595952014101736952014101877952014102018952014102159999001702300SGT a978-81-239-0514-3 a615.19bBEC aBECKETT, A.H.  aPRACTICAL PHARMACEUTICAL CHEMISTRY  a4TH  aINDIA bCBS PUB. c2007 a601 aPHARMACEUTICAL CHEMISTRY  2ddccBK 00102ddc40718FSaSSSLbSSSLcREFd2025-10-27eABCg750.00h2iSGTUo615.19 BECpDP626r2025-10-27 00:00:00w2025-09-17yBKk21721 00102ddc40708FSaSSSLbSSSLcTXTd2025-10-27eABCg750.00h2iSGTUl0o615.19 BECpDP627r2025-10-27 00:00:00w2025-09-17yBKk21721 00102ddc40708FSaSSSLbSSSLcTXTd2025-10-27eABCg750.00h2iSGTUl0o615.19 BECpDP628r2025-10-27 00:00:00w2025-09-17yBKk21721 00102ddc40708FSaSSSLbSSSLcTXTd2025-10-27eABCg750.00h2iSGTUl0o615.19 BECpDP629r2025-10-27 00:00:00w2025-09-17yBKk21721 00102ddc40708FSaSSSLbSSSLcTXTd2025-10-27eABCg750.00h2iSGTUl0o615.19 BECpDP630r2025-10-27 00:00:00w2025-09-17yBKk21721 00102ddc40708FSaSSSLbSSSLcTXTd2025-10-27eABCg750.00h2iSGTUl0o615.19 BECpDP631r2025-10-27 00:00:00w2025-09-17yBKk21721 00102ddc40708FSaSSSLbSSSLcTXTd2025-10-27eABCg750.00h2iSGTUl0o615.19 BECpDP632r2025-10-27 00:00:00w2025-09-17yBKk21721 00102ddc40708FSaSSSLbSSSLcTXTd2025-10-27eABCg750.00h2iSGTUl0o615.19 BECpDP633r2025-10-27 00:00:00w2025-09-17yBKk21721 00102ddc40708FSaSSSLbSSSLcTXTd2025-10-27eABCg750.00h2iSGTUl0o615.19 BECpDP634r2025-10-27 00:00:00w2025-09-17yBKk21721 00102ddc40708FSaSSSLbSSSLcTXTd2025-10-27eABCg750.00h2iSGTUl0o615.19 BECpDP635r2025-10-27 00:00:00w2025-09-17yBKk21721 00102ddc40708FSaSSSLbSSSLcTXTd2025-10-27eABCg750.00h2iSGTUl0o615.19 BECpDP636r2025-10-27 00:00:00w2025-09-17yBKk21721 00102ddc40708FSaSSSLbSSSLcTXTd2025-10-27eABCg750.00h2iSGTUl0o615.19 BECpDP637r2025-10-27 00:00:00w2025-09-17yBKk21721 00102ddc40708FSaSSSLbSSSLcTXTd2025-10-27eABCg750.00h2iSGTUl0o615.19 BECpDP638r2025-10-27 00:00:00w2025-09-17yBKk21721 00102ddc40708FSaSSSLbSSSLcTXTd2025-10-27eABCg750.00h2iSGTUl0o615.19 BECpDP639r2025-10-27 00:00:00w2025-09-17yBKk21721 00102ddc40708FSaSSSLbSSSLcTXTd2025-10-27eABCg750.00h2iSGTUl0o615.19 BECpDP640r2025-10-27 00:00:00w2025-09-17yBKk21721 c32897d32897